000
00344nam a2200145Ia 4500
005
20250404055300.0
008
240331s9999 xx 000 0 und d
082
_b
SEN
_a
894
100
_a
Sengaiaaliyan,K
245
0
_a
Yaakakundam
260
_a
Jaffna
_b
Kamalam Pathippakam
_c
1991
300
_a
X, 127 p .,
650
_a
Short Story
942
_c
L
999
_c
4251
_d
4251